[Event "POL-chT 2nd League"]
[Site "Poronin"]
[Date "2020.09.12"]
[Round "8.20"]
[White "Szmyd, Marek"]
[Black "Palacki, Rafal"]
[Result "1/2-1/2"]
[WhiteElo "1874"]
[BlackElo "1806"]
[PlyCount "95"]
[EventDate "2020.09.05"]
[EventType "team-swiss"]
[EventRounds "9"]
[EventCountry "POL"]
[SourceTitle "CBM 198 Extra"]
[Source "ChessBase"]
[SourceDate "2020.11.30"]
[SourceVersion "1"]
[SourceVersionDate "2020.11.30"]
[SourceQuality "1"]
[WhiteTeam "Zarow Goniec"]
[BlackTeam "Ustrzyki Dolne"]
[WhiteTeamCountry "POL"]
[BlackTeamCountry "POL"]

1. Nf3 Nf6 2. b3 d5 3. Bb2 Bf5 4. e3 e6 5. d4 Nbd7 6. Bd3 Ne4 7. 0-0 Bd6 8. Ne5 Bxe5 9. dxe5 Ndc5 10. Be2 Qg5 11. Kh1 Qh6 12. Qe1 Nd7 13. Bd3 Bg6 14. b4 Ng5 15. Nd2 Bxd3 16. cxd3 f5 17. exf6 Nxf6 18. f4 Nf7 19. Nf3 0-0 20. Nd4 Rfe8 21. Rf3 Nd6 22. Qe2 e5 23. Rh3 Qg6 24. fxe5 Rxe5 25. Nb5 Re7 26. Nxd6 cxd6 27. Rf1 Nd7 28. Rg3 Qh6 29. Qg4 Ne5 30. Qd4 Qe6 31. a4 b6 32. e4 dxe4 33. Qxe4 Rc8 34. Re3 Qd7 35. Qd5+ Kh8 36. Rfe1 h6 37. h3 Rce8 38. b5 Ng6 39. Rxe7 Rxe7 40. Rxe7 Qxe7 41. Qe4 Qf7 42. Kg1 d5 43. Qd4 Nf4 44. Qe3 Kh7 45. Be5 Ne6 46. d4 Ng5 47. Qc3 Ne4 48. Qc7 1/2-1/2

[Event "POL-chT 2nd League"]
[Site "Jastrzebia Gora"]
[Date "2019.09.11"]
[Round "5.6"]
[White "Szmyd, Marek"]
[Black "Galuszka, Tomasz"]
[Result "0-1"]
[WhiteElo "1885"]
[BlackElo "2222"]
[PlyCount "78"]
[EventDate "2019.09.07"]
[EventType "team-swiss"]
[EventRounds "9"]
[EventCountry "POL"]
[SourceTitle "EXT 2020"]
[Source "ChessBase"]
[SourceDate "2019.10.17"]
[SourceVersion "1"]
[SourceVersionDate "2019.10.17"]
[SourceQuality "1"]
[WhiteTeam "Zarow Goniec"]
[BlackTeam "Jastrzebie Zdroj Pionier"]
[WhiteTeamCountry "POL"]
[BlackTeamCountry "POL"]

1. Nf3 d5 2. b3 Bf5 3. Bb2 e6 4. e3 Nf6 5. d4 h6 6. Bd3 Be4 7. Bxe4 Nxe4 8. 0-0 Be7 9. Nbd2 Nxd2 10. Qxd2 0-0 11. Ne5 Nd7 12. Nxd7 Qxd7 13. c4 c6 14. Qe2 Rfe8 15. Rfd1 Qc7 16. g3 Rad8 17. a3 Bf6 18. b4 Qd7 19. a4 a5 20. cxd5 Qxd5 21. bxa5 Qxa5 22. Rdc1 Ra8 23. Bc3 Qc7 24. Qb2 Ra7 25. Rcb1 Rea8 26. a5 g6 27. Bb4 Be7 28. Bxe7 Qxe7 29. Qb6 Qd7 30. Qc5 Ra6 31. Rb6 Rxb6 32. Qxb6 Ra6 33. Qb2 Qc7 34. Rb1 Ra7 35. Qb4 h5 36. h4 Kg7 37. Kf1 f6 38. Qc5 Rxa5 39. Rxb7 Ra1+ 0-1

[Event "POL-ch blitz"]
[Site "Szczawno Zdroj"]
[Date "2018.12.16"]
[Round "1"]
[White "Luch, Michal"]
[Black "Szmyd, Marek"]
[Result "1/2-1/2"]
[WhiteElo "2360"]
[BlackElo "1912"]
[PlyCount "78"]
[EventDate "2018.12.16"]
[EventType "swiss (blitz)"]
[EventRounds "15"]
[EventCountry "POL"]
[SourceTitle "CBM 187 Extra"]
[Source "ChessBase"]
[SourceDate "2018.11.04"]
[SourceVersion "1"]
[SourceVersionDate "2018.11.04"]
[SourceQuality "1"]

1. d4 b6 2. e4 Bb7 3. Bd3 Nf6 4. Qe2 Nc6 5. c3 e5 6. d5 Ne7 7. h4 Ng6 8. g3 h5 9. Bg5 Be7 10. Nd2 c6 11. c4 c5 12. Nh3 d6 13. Qd1 Bc8 14. Be2 Bg4 15. f3 Bd7 16. Nf2 b5 17. cxb5 Qb6 18. Nc4 Qc7 19. a4 0-0 20. 0-0 Rfd8 21. Qd2 Be8 22. Rfc1 Rab8 23. Nd3 Nd7 24. b4 a6 25. bxa6 cxb4 26. Nxb4 Qc5+ 27. Be3 Qc7 28. Nc6 Nc5 29. Nxb8 Rxb8 30. Bxc5 Qxc5+ 31. Qe3 Qc7 32. Nxe5 Qa5 33. Nc6 Bxc6 34. dxc6 Bd8 35. Bb5 Bb6 36. Re1 Bxe3+ 37. Rxe3 Ne5 38. Rd1 Qc7 39. Kg2 f6 1/2-1/2

[Event "POL-chT 2nd League"]
[Site "Jastrzebia Gora"]
[Date "2018.09.05"]
[Round "5.99"]
[White "Szmyd, Marek"]
[Black "Czapla, Andrzej"]
[Result "1-0"]
[WhiteElo "1921"]
[BlackElo "1987"]
[PlyCount "65"]
[EventDate "2018.09.01"]
[EventType "team-swiss"]
[EventRounds "9"]
[EventCountry "POL"]
[SourceTitle "CBM 186 Extra"]
[Source "ChessBase"]
[SourceDate "2018.08.24"]
[SourceVersion "1"]
[SourceVersionDate "2018.08.24"]
[SourceQuality "1"]
[WhiteTeam "Zarow Goniec"]
[BlackTeam "Siedlce KSz Skoczek"]
[WhiteTeamCountry "POL"]
[BlackTeamCountry "POL"]

1. b3 d5 2. Bb2 Bg4 3. Nf3 Bxf3 4. exf3 Nf6 5. g3 e6 6. Bg2 Bd6 7. f4 0-0 8. 0-0 Nbd7 9. Re1 Re8 10. Be5 Bf8 11. c4 c6 12. d3 a5 13. Nc3 Bb4 14. a3 Nxe5 15. axb4 Ned7 16. b5 Qc7 17. Qc2 Red8 18. d4 Rac8 19. Rec1 Ne8 20. c5 b6 21. bxc6 Qxc6 22. cxb6 Qxb6 23. Qd1 Rb8 24. f5 Qxb3 25. Qxb3 Rxb3 26. fxe6 fxe6 27. Nxd5 Nf8 28. Ne7+ Kf7 29. Nc6 Rd6 30. Rxa5 Rb6 31. Ne5+ Ke7 32. Ra7+ Nd7 33. Nc4 1-0

[Event "POL-chT 2nd League"]
[Site "Jastrzebia Gora"]
[Date "2018.09.01"]
[Round "1.13"]
[White "Szmyd, Marek"]
[Black "Lisowski, Krzysztof"]
[Result "0-1"]
[WhiteElo "1921"]
[BlackElo "2061"]
[PlyCount "104"]
[EventDate "2018.09.01"]
[EventType "team-swiss"]
[EventRounds "9"]
[EventCountry "POL"]
[SourceTitle "CBM 186 Extra"]
[Source "ChessBase"]
[SourceDate "2018.08.24"]
[SourceVersion "1"]
[SourceVersionDate "2018.08.24"]
[SourceQuality "1"]
[WhiteTeam "Zarow Goniec"]
[BlackTeam "Ostroda Ostrodzianka"]
[WhiteTeamCountry "POL"]
[BlackTeamCountry "POL"]

1. b3 d5 2. Bb2 c5 3. e3 Nf6 4. f4 Nc6 5. Nf3 e6 6. Ne5 Nxe5 7. fxe5 Nd7 8. Qg4 g6 9. d4 Bh6 10. Qg3 Qg5 11. Qxg5 Bxg5 12. dxc5 Nxc5 13. Bd4 b6 14. Bb5+ Bd7 15. Bxd7+ Nxd7 16. Nd2 Rc8 17. c4 0-0 18. Ke2 f6 19. cxd5 fxe5 20. dxe6 exd4 21. exd7 Rc3 22. Nf3 Bxe3 23. Rhd1 Rc2+ 24. Kd3 Rc7 25. Nxd4 Bg5 26. Nf3 Rxd7+ 27. Ke2 Re7+ 28. Kf2 Be3+ 29. Kg3 g5 30. Rd5 Rg7 31. h3 h5 32. Kh2 g4 33. Nh4 Bg5 34. Nf5 Rgf7 35. Nd4 Bf4+ 36. g3 Be3 37. Ne6 Re8 38. Nf4 Bxf4 39. gxf4 Re2+ 40. Kg3 Re3+ 41. Kh4 Rxh3+ 42. Kg5 g3 43. Kh6 Rxf4 44. Rd7 Rf6+ 45. Kg5 Rf7 46. Rd8+ Kg7 47. Rg1 h4 48. Rd2 Rh2 49. Rxh2 gxh2 50. Rh1 Rf2 51. a4 Kf7 52. b4 Ke6 0-1

[Event "EU-chT Seniors 50"]
[Site "Walbrzych"]
[Date "2018.04.20"]
[Round "7.3"]
[White "Szmyd, Marek"]
[Black "Bellia, Fabrizio"]
[Result "0-1"]
[WhiteElo "1898"]
[BlackElo "2443"]
[PlyCount "56"]
[EventDate "2018.04.14"]
[EventType "team-swiss"]
[EventRounds "9"]
[EventCountry "POL"]
[SourceTitle "CBM 184 Extra"]
[Source "ChessBase"]
[SourceDate "2018.06.28"]
[SourceVersion "1"]
[SourceVersionDate "2018.06.28"]
[SourceQuality "1"]
[WhiteTeam "Poland Walbrzych 50"]
[BlackTeam "Italy 50"]
[WhiteTeamCountry "POL"]
[BlackTeamCountry "ITA"]

1. b3 e5 2. Bb2 Nc6 3. e3 g6 4. f4 Bg7 5. Nf3 d6 6. fxe5 Nxe5 7. Nxe5 dxe5 8. Be2 Ne7 9. Nc3 Be6 10. Bf3 c6 11. e4 Qd7 12. Qe2 b5 13. a4 b4 14. Nd1 0-0 15. Ne3 c5 16. 0-0 Nc6 17. d3 Nd4 18. Bxd4 cxd4 19. Nc4 a5 20. Nb6 Qc6 21. Nxa8 Rxa8 22. Kh1 Rc8 23. Ra2 Qd7 24. g3 Bh6 25. Raa1 Rc3 26. h4 Qc8 27. Ra2 Bxb3 28. cxb3 Qh3+ 0-1

[Event "EU-chT Seniors 50"]
[Site "Walbrzych"]
[Date "2018.04.17"]
[Round "4.3"]
[White "Szmyd, Marek"]
[Black "Scowen, Roger S"]
[Result "1-0"]
[WhiteElo "1898"]
[BlackElo "1882"]
[PlyCount "47"]
[EventDate "2018.04.14"]
[EventType "team-swiss"]
[EventRounds "9"]
[EventCountry "POL"]
[SourceTitle "CBM 184 Extra"]
[Source "ChessBase"]
[SourceDate "2018.06.28"]
[SourceVersion "1"]
[SourceVersionDate "2018.06.28"]
[SourceQuality "1"]
[WhiteTeam "Poland Walbrzych 50"]
[BlackTeam "England 50"]
[WhiteTeamCountry "POL"]
[BlackTeamCountry "ENG"]

1. b3 f5 2. Bb2 Nf6 3. e3 e6 4. f4 Be7 5. Nf3 0-0 6. g3 Qe8 7. Bg2 c5 8. 0-0 Nc6 9. c4 d6 10. Nc3 a6 11. d4 d5 12. cxd5 exd5 13. dxc5 Bxc5 14. Nxd5 Bxe3+ 15. Kh1 Ng4 16. Nc7 Qf7 17. Nxa8 h6 18. Qe2 Re8 19. Ne5 Qh5 20. Nxg4 fxg4 21. Nc7 Re7 22. Nd5 Re8 23. Nc7 Re7 24. Nd5 1-0

[Event "POL-chT3 Dolnoslaskie 1617"]
[Site "Poland"]
[Date "2016.10.16"]
[Round "1.19"]
[White "Malinowski, Damian"]
[Black "Szmyd, Marek"]
[Result "1-0"]
[WhiteElo "1939"]
[BlackElo "1930"]
[PlyCount "54"]
[EventDate "2016.10.16"]
[EventType "team-tourn"]
[EventRounds "11"]
[EventCountry "POL"]
[SourceTitle "EXT 2018"]
[Source "ChessBase"]
[SourceDate "2017.10.13"]
[SourceVersion "1"]
[SourceVersionDate "2017.10.13"]
[SourceQuality "1"]

1. c4 b6 2. Nc3 Bb7 3. d3 e5 4. e4 Nf6 5. g3 g6 6. Bg2 Bg7 7. Nge2 0-0 8. 0-0 d6 9. h3 Nc6 10. Be3 Qd7 11. Qd2 Kh8 12. f4 Ng8 13. f5 f6 14. h4 Qf7 15. g4 h6 16. Rf3 Kh7 17. Rg3 Nge7 18. Nb5 Rac8 19. Rf1 Rh8 20. fxg6+ Nxg6 21. g5 Nxh4 22. gxh6 Bf8 23. Bh3 Re8 24. Bg5 Qh5 25. Bxh4 Bxh6 26. Bf5+ Qxf5 27. Qxh6+ Kxh6 1-0

[Event "POL-chT3 Dolnoslaskie 1516"]
[Site "Poland"]
[Date "2016.01.24"]
[Round "6.20"]
[White "Koszkul, Wojciech"]
[Black "Szmyd, Marek"]
[Result "0-1"]
[WhiteElo "2053"]
[BlackElo "1981"]
[PlyCount "140"]
[EventDate "2015.10.18"]
[EventType "team-tourn"]
[EventRounds "11"]
[EventCountry "POL"]
[SourceTitle "EXT 2018"]
[Source "ChessBase"]
[SourceDate "2017.10.13"]
[SourceVersion "1"]
[SourceVersionDate "2017.10.13"]
[SourceQuality "1"]

1. d4 b6 2. c4 Bb7 3. Nc3 Nf6 4. Nf3 e6 5. e3 d5 6. cxd5 exd5 7. Be2 Be7 8. 0-0 0-0 9. b3 c5 10. Bb2 Nc6 11. Rc1 cxd4 12. Nxd4 Nxd4 13. Qxd4 Bc5 14. Qf4 Bd6 15. Qf5 Bc8 16. Qd3 a5 17. Nb5 Ba6 18. Qf5 Ne4 19. Rfd1 Qe7 20. Bd3 Bc8 21. Qf3 Bxh2+ 22. Kxh2 Qh4+ 23. Kg1 Bg4 24. Bxe4 Bxf3 25. Bxf3 Rac8 26. Nc7 Rfd8 27. Nxd5 Rxc1 28. Rxc1 h6 29. Nxb6 Qb4 30. Nd5 Qd2 31. Ne7+ Kh7 32. Rd1 Qxd1+ 33. Bxd1 Rxd1+ 34. Kh2 Rd2 35. Bc3 Rxa2 36. Kg3 Ra3 37. Nf5 Rxb3 38. Bxg7 Rb5 39. Kf4 a4 40. Bf8 Rb2 41. Kf3 Ra2 42. Nd4 a3 43. Nb5 Rxf2+ 44. Kxf2 a2 45. Nd4 a1Q 46. Bd6 Kg6 47. Bf4 h5 48. Nf3 Kf5 49. Nd4+ Ke4 50. Kg3 Qe1+ 51. Kh3 Qf2 52. Nf3 f6 53. Nd4 Kd3 54. Nf5 Qe2 55. Nd4 Qg4+ 56. Kh2 h4 57. g3 hxg3+ 58. Bxg3 Kxe3 59. Nc2+ Kd2 60. Ne1 f5 61. Ng2 Ke2 62. Bd6 Kf2 63. Bc5+ Kf3 64. Ne1+ Ke2 65. Ng2 f4 66. Bd6 f3 67. Nf4+ Qxf4+ 68. Bxf4 f2 69. Bg3 f1Q 70. Bh4 Kf3 0-1

[Event "Golden Rook op 56th"]
[Site "Chotowa"]
[Date "2014.06.11"]
[Round "5"]
[White "Kowalski, Maciej"]
[Black "Szmyd, Marek"]
[Result "0-1"]
[WhiteElo "1984"]
[BlackElo "2000"]
[PlyCount "70"]
[EventDate "2014.06.08"]
[EventType "team-swiss"]
[EventRounds "9"]
[EventCountry "POL"]
[SourceTitle "EXT 2015"]
[Source "ChessBase"]
[SourceDate "2014.11.20"]
[SourceVersion "1"]
[SourceVersionDate "2014.11.20"]
[SourceQuality "1"]

1. d4 b6 2. e4 Bb7 3. Bd3 Nf6 4. f3 e6 5. Ne2 c5 6. c3 Nc6 7. 0-0 Be7 8. Nd2 0-0 9. b3 cxd4 10. cxd4 Nb4 11. Bb1 Ba6 12. Bb2 Rc8 13. Nc4 d5 14. Ne5 Qc7 15. Rf2 dxe4 16. fxe4 Rfd8 17. a3 Nc2 18. Bxc2 Qxc2 19. Ng3 Qxd1+ 20. Rxd1 Bb7 21. Re1 Rc7 22. Rfe2 Rdc8 23. Kf2 Ba6 24. Rd2 Rc2 25. Red1 h5 26. Kf3 h4 27. Nh1 Bb7 28. Nf2 Nxe4 29. Nxe4 f5 30. Nc4 Bxe4+ 31. Kf4 g5+ 32. Ke5 Kf7 33. d5 exd5 34. Rxc2 Bxc2 35. Rxd5 Bf6+ 0-1

[Event "POL-chT3 Dolnoslaskie 1314"]
[Site "Poland"]
[Date "2013.10.20"]
[Round "1.13"]
[White "Szmyd, Marek"]
[Black "Grzesik, Norbert"]
[Result "0-1"]
[WhiteElo "2011"]
[BlackElo "1908"]
[PlyCount "90"]
[EventDate "2013.10.20"]
[EventType "team-tourn"]
[EventRounds "11"]
[EventCountry "POL"]
[SourceTitle "EXT 2018"]
[Source "ChessBase"]
[SourceDate "2017.10.13"]
[SourceVersion "1"]
[SourceVersionDate "2017.10.13"]
[SourceQuality "1"]
[WhiteTeam "Zarow Goniec"]
[BlackTeam "Olesnica Pogon"]
[WhiteTeamCountry "POL"]
[BlackTeamCountry "POL"]

1. c4 b6 2. Nc3 Bb7 3. e4 e6 4. d4 Bb4 5. f3 f5 6. exf5 Nh6 7. Qb3 Nc6 8. Bxh6 Qh4+ 9. Kd1 Qxh6 10. fxe6 dxe6 11. a3 Bxc3 12. Qxc3 Nxd4 13. Ne2 0-0-0 14. Nxd4 e5 15. Bd3 Rxd4 16. Kc2 Rhd8 17. Rad1 Kb8 18. h3 Qg5 19. Rhg1 Qh6 20. Qe1 Qg5 21. Qd2 Qxd2+ 22. Rxd2 e4 23. fxe4 Bxe4 24. Rgd1 Rxc4+ 25. Kb3 Rcd4 26. Kc3 Rxd3+ 27. Rxd3 Rxd3+ 28. Rxd3 Bxd3 29. Kxd3 Kb7 30. Kd4 Kc6 31. Ke5 Kd7 32. b4 c6 33. a4 a6 34. g4 Ke7 35. h4 h6 36. h5 Kd7 37. a5 c5 38. bxc5 bxa5 39. Kf5 a4 40. Kg6 a3 41. Kxg7 a2 42. Kxh6 a1Q 43. g5 Qh8+ 44. Kg6 a5 45. h6 a4 0-1

[Event "Ogolnopolski-ch 55th"]
[Site "Zamosc"]
[Date "2013.??.??"]
[Round "3"]
[White "Szmyd, Marek"]
[Black "Klimecki, Jacek"]
[Result "0-1"]
[WhiteElo "2029"]
[BlackElo "2016"]
[PlyCount "56"]
[EventDate "2013.06.07"]
[EventType "swiss"]
[EventRounds "9"]
[EventCountry "POL"]
[SourceTitle "EXT 2014"]
[Source "ChessBase"]
[SourceDate "2013.11.20"]
[SourceVersion "1"]
[SourceVersionDate "2013.11.20"]
[SourceQuality "1"]

1. c4 c6 2. Nc3 d5 3. d4 Nf6 4. Nf3 g6 5. e3 Bg7 6. Be2 0-0 7. 0-0 Nbd7 8. b4 a5 9. b5 dxc4 10. Rb1 Nd5 11. Bd2 e5 12. Bxc4 exd4 13. exd4 N7b6 14. Bxd5 Nxd5 15. bxc6 bxc6 16. Ne5 Nxc3 17. Bxc3 Bf5 18. Rb7 Be4 19. Qb3 Bd5 20. Qb2 Qg5 21. f4 Qf5 22. Nd7 Rfe8 23. Nb6 Rad8 24. Nxd5 Qxd5 25. Ra7 Re3 26. Rxa5 Qe4 27. Qb6 Re8 28. Ba1 Re2 0-1

[Event "Augustow Golden Rook op 53rd"]
[Site "Augustow"]
[Date "2011.06.02"]
[Round "8.14"]
[White "Bartoszewicz, Marcin"]
[Black "Szmyd, Marek"]
[Result "0-1"]
[WhiteElo "1975"]
[BlackElo "2040"]
[PlyCount "66"]
[EventDate "2011.05.29"]
[EventType "team-swiss"]
[EventRounds "9"]
[EventCountry "POL"]
[SourceTitle "EXT 2023"]
[Source "ChessBase"]
[SourceDate "2022.10.05"]
[SourceVersion "1"]
[SourceVersionDate "2022.10.05"]
[SourceQuality "1"]
[WhiteTeam "Augustow LKS"]
[BlackTeam "Zarow Goniec"]
[WhiteTeamCountry "POL"]
[BlackTeamCountry "POL"]

1. e4 c5 2. Nf3 d6 3. d4 cxd4 4. Nxd4 Nf6 5. Nc3 g6 6. Be3 Bg7 7. f3 0-0 8. Qd2 d5 9. e5 Ne8 10. Bh6 Nc6 11. Bxg7 Kxg7 12. Nxc6 bxc6 13. 0-0-0 f6 14. h4 fxe5 15. h5 Qd6 16. Bd3 Bf5 17. Rh4 Bxd3 18. Qxd3 Qf6 19. Rdh1 g5 20. h6+ Kh8 21. Rg4 Nd6 22. Rh5 Rg8 23. Na4 e4 24. Qe2 exf3 25. gxf3 Nf7 26. Nc5 Ne5 27. Rg2 Nc4 28. Nd3 Rab8 29. c3 Rbf8 30. Rh3 Rg6 31. Kc2 e6 32. b3 Nd6 33. Qe5 Nf7 0-1